000 00528nam a2200181Ia 4500
001 20073
005 20260306172739.0
008 260306t2013||||xx |||||||||||||| ||spa||
041 _aESP
082 _a342.211
_bM61
100 _aMinisterio de Justicia y Derechos Humanos
_eAUT
245 0 _aCompilación de instrumentos internacionales y normas consuetudinarias en derecho internacional humanitario
260 _c2013
300 _a398 pƔginas :
_c21 cm.
650 _aGEN
654 _aCDE
942 _cLIB
_dJUS
_fJUS
_2ddc
_n
999 _c20073
_d20073